| 000 | 00561nam a2200169 i 4500 | ||
|---|---|---|---|
| 001 | 61496 | ||
| 003 | ES-MaACL | ||
| 005 | 20230906164453.0 | ||
| 007 | t| | ||
| 008 | 031112s1928 ag ||||1| spa d | ||
| 245 | 0 | 0 | _aExtracto de la memoria correspondiente al año escolar 1927-29. |
| 260 |
_aBuenos Aires : _bTomás Palumbo, _c1928. |
||
| 300 |
_av. ; _c27 cm. |
||
| 500 | _aPrecede al tít.: Escuela Industrial de la Nación "Otto Krause" | ||
| 710 | 2 |
_aEscuela Industrial de la Nación "Otto Krauser" (Buenos Aires) _93572 |
|
| 852 |
_aES-MaACL _j1743-F-2-3 |
||
| 999 |
_c61496 _d61496 |
||